Λόγος και εμπειρία στη νέα κοινωνική ιστορία : μεταπτυχιακή διατριβή
Αποθηκεύτηκε σε:
| Κύριος συγγραφέας: | |
|---|---|
| Συγγραφή απο Οργανισμό/Αρχή: | |
| Άλλοι συγγραφείς: | |
| Μορφή: | Thesis Βιβλίο |
| Γλώσσα: | Greek |
| Δημοσίευση: |
Μυτιλήνη :
Πανεπιστήμιο Αιγαίου, Τμημα Κοινωνικής Ανθρωπολογίας και Ιστορίας, Μεταπτυχιακό Πρόγραμμα Σπουδών Κοινωνική Ανθρωπολογία και Ιστορία,
2006
|
| Θέματα: | |
| Διαθέσιμο Online: | http://hdl.handle.net/11610/14520 |
| Ετικέτες: |
Προσθήκη ετικέτας
Δεν υπάρχουν, Καταχωρήστε ετικέτα πρώτοι!
|
MARC
| LEADER | 00000cam a2200000 i 4500 | ||
|---|---|---|---|
| 001 | 1/27581 | ||
| 008 | 060404s2006 gre d | ||
| 035 | |l 10083438 | ||
| 040 | |a GR-MY-UA |b gre |e aacr | ||
| 041 | 0 | |a gre | |
| 082 | 0 | |a 306.4401 |2 (22) | |
| 100 | 1 | |a Τρίγκα, Χριστίνα. | |
| 245 | 1 | 0 | |a Λόγος και εμπειρία στη νέα κοινωνική ιστορία : |b μεταπτυχιακή διατριβή / |c Τρίγκα Χριστίνα ; υπεύθυνη καθηγήτρια Χαντζαρούλα Ποθητή |
| 260 | |a Μυτιλήνη : |b Πανεπιστήμιο Αιγαίου, Τμημα Κοινωνικής Ανθρωπολογίας και Ιστορίας, Μεταπτυχιακό Πρόγραμμα Σπουδών Κοινωνική Ανθρωπολογία και Ιστορία, |c 2006 | ||
| 300 | |a 57 σ.; |c 30 εκ. | ||
| 502 | |a Διατριβή (μεταπτυχιακή) – Πανεπιστήμιο Αιγαίου, Λέσβος, 2006. | ||
| 504 | |a Βιβλιογραφία: σ. 53-57 | ||
| 650 | 0 | 0 | |a Social history. |
| 650 | 0 | 0 | |a Historiography. |
| 650 | 0 | 0 | |a Sociolinguistics. |
| 650 | 0 | 0 | |a Language and history. |
| 650 | 0 | 0 | |a Women |x Social conditions |y 20th century. |
| 650 | 0 | 0 | |a Social classes |x History |y 20th century. |
| 650 | 0 | 0 | |a Working class |x History |y 20th century. |
| 650 | 0 | 0 | |a Dissertations, Academic |z Greece. |
| 700 | 1 | |a Χαντζαρούλα, Ποθητή, |e dgsf [Επιβλέπουσα καθηγήτρια] | |
| 710 | 2 | |a Πανεπιστήμιο Αιγαίου. |b Σχολή Κοινωνικών Επιστημών. |b Τμήμα Κοινωνικής Ανθρωπολογίας και Ιστορίας. |b Πρόγραμμα Μεταπτυχιακών Σπουδών Κοινωνική και Ιστορική Ανθρωπολογία. | |
| 852 | |a INST |b LESVOS |c DIATR |e 20060404 |h 67 |p 005100035833 |q 005100035833 |t MTXE |y 23 | ||
| 852 | |a INST |b LESVOS |c DIATR |e 20060404 |h 68 |p 005100035395 |q 005100035395 |t MTXE |y 23 | ||
| 856 | |u http://hdl.handle.net/11610/14520 | ||
| 901 | |a BIBL1-2006-1 | ||
| 909 | |a Λ |b 126212 | ||
| 909 | |a Λ |b 126213 | ||
| 924 | |a ΤΡΙΓΚΑ |b ΧΡΙΣΤΙΝΑ |y ΛΕΣΒΟΣ |z 2006-03 | ||
| 970 | |a ΜΑΡΙΝΑΤΟΥ |b ΜΥΡΣΙΝΗ |z 2006/04/04 | ||